[Event "Hainaut-ch"]
[Site "Manage"]
[Date "2008.08.23"]
[Round "6.14"]
[White "Sek, Stanislas"]
[Black "Barbarossa, Frederic"]
[Result "0-1"]
[WhiteElo "1751"]
[BlackElo "1525"]
[PlyCount "72"]
[EventDate "2008.08.23"]
[EventType "swiss"]
[EventRounds "9"]
[EventCountry "BEL"]
[SourceTitle "EXT 2024"]
[Source "ChessBase"]
[SourceDate "2023.10.10"]
[SourceVersion "1"]
[SourceVersionDate "2023.10.10"]
[SourceQuality "1"]

1. e4 e6 2. Nc3 a6 3. Bc4 b5 4. Bb3 Bb7 5. Nf3 d5 6. exd5 exd5 7. 0-0 Nf6 8. d3 Be7 9. Bg5 0-0 10. Re1 Re8 11. Qe2 Nbd7 12. Ne5 c6 13. Qf3 Nxe5 14. Rxe5 Bc8 15. Rae1 Be6 16. Ne2 Nd7 17. Bxe7 Nxe5 18. Qg3 Rxe7 19. Qxe5 Bg4 20. Qg3 Bxe2 21. f3 c5 22. Qf2 c4 23. Rxe2 Rxe2 24. Qxe2 cxb3 25. axb3 Qb6+ 26. Kf1 Qe6 27. Qd2 Re8 28. Kf2 d4 29. Kf1 Qe3 30. Qd1 g5 31. h3 f5 32. c3 h5 33. b4 Kg7 34. c4 bxc4 35. dxc4 d3 36. c5 Qe2+ 0-1